000 00575nam a2200217Ia 4500
003 OSt
005 20220918215114.0
006 a|||||r|||| 00| 0
007 ta
008 220917b |||||||| |||| 00| 0 eng d
024 _a140,082
037 _cTextual
040 _aARTS
_cARTS
_beng
041 _2eng
_aeng
082 _aY1:1.61-52.N3, 122G8
245 0 _aAfrique orientale Italienne
_b Le nouveau systeme soxcial et economique
260 _c1938
650 _aSOCIOLOGY
942 _hY1:1.61-52.N3, 122G8
_cTEXL
_2CC
999 _c263067
_d263067